| 000 | 00636nam a2200205 a 4500 | ||
|---|---|---|---|
| 001 | 50429 | ||
| 003 | BD-RjUL | ||
| 005 | 20211209075515.0 | ||
| 008 | 160827s1957 sv 000 0 eng | ||
| 035 | _a(BD-RjUL)50549 | ||
| 040 |
_aBD-RjUL _cWGrU _dIEN-L _dDLC _beng |
||
| 041 | _aeng | ||
| 082 |
_223 _a347.4203 _bSHP 1957 |
||
| 100 | 1 |
_aSheinin, L _d1905- _9151107 |
|
| 245 | 1 | 0 |
_aPeople's courts in the U. S. S. R. / _cL. Sheinin, [Translated from the Russian by George H. Hanna] |
| 260 |
_aMoscow, : _bForeign Languages Pub. House, _c1957. |
||
| 300 |
_a111 p. ; _c20 cm. |
||
| 650 | 0 |
_aCourts _zSoviet Union. _9151108 |
|
| 942 |
_2ddc _cBK |
||
| 999 |
_c50429 _d50429 |
||